00422nam a2200157Ia 4500008004100000020001800041082001800059100002500077245002300102250000700125260004200132300003100174500001900205600002000224650002000244240925s9999 xx 000 0 und d a9788131731598 a332.10954 SID aThummuluri, Siddaiah 0aFinancial Services aNA aNew Delhi:bPearson Educationc,2011. aVarious pagesb0fOriginal aIncludes Index aSocial Sciences aSocial Sciences